Alles eilt, wenn's brennt
| Titel: | Alles eilt, wenn's brennt : Sicherung von brandgeschädigten Akten: ein Erfahrungsbericht aus dem Staatsarchiv des Kantons Basel-Landschaft <Schweiz> |
|---|---|
| Verfasser: | |
| In: |
Archivar, Band 53, Heft 4 (2000), Seite 301-304 alle Artikel anzeigen |
| Veröffentlicht: | 2000 |
| Format: | Aufsatz |
| Sprache: | Deutsch |
X
alg: 31296113 001A $01999:23-11-12 001B $06050:09-03-20 $t10:44:16.000 001D $01999:23-11-12 001U $0utf8 001X $00 002@ $0Aox 003@ $0312961138 007A $0312961138 $aHEB 007T $0hstad038188 007T $0ArchMa02692 010@ $ager 011@ $a2000 021A $aAlles eilt, wenn's brennt $dSicherung von brandgeschädigten Akten: ein Erfahrungsbericht aus dem Staatsarchiv des Kantons Basel-Landschaft028A $aHaener $dRuth 031A $d53 $e4 $h301-304 $j2000 039B $aIn: $8--Abvc--. Archivar. - Duisburg : Landesarchiv Nordrhein-Westfalen, [1947-2022]. - ISSN 0003-9500 $x200000000530004699 $9047106999 045T $a8,1 $a24,1 045T $aBBI $qDE-23 $2FID lok: 31296113 74 exp: 31296113 74 1 #EPN 201B/01 $023-11-12 $t16:54:38.000 201U/01 $0utf8 203@/01 $0657781967 208@/01 $a23-11-12 $br 209A/01 $ain: A 112/55 - 2000 $ds $f000 $x00 245Z/01 $ain: A 000112/00055 - 2000 $x01 247C/01 $8618460-1 <460>Darmstadt, Hessisches Staatsarchiv Darmstadt, Bibliothek $9102600937 lok: 31296113 105 exp: 31296113 105 1 #EPN 201B/01 $030-01-19 $t15:24:55.000 201C/01 $030-01-19 201U/01 $0utf8 203@/01 $01042400245 208@/01 $a13-12-18 $be 209A/01 $a/ $f106 $x00 244Z/01 $aBasel-Landschaft $x01 245Z/01 $a2.10.03. $bArchivwissenschaft und Archivtheorie / Bestandserhaltung / Notfallvorsorge $x01 245Z/01 $a4.12.02. $bArchivwesen Europas / Schweiz, Liechtenstein / Archive und Archivbestände $x02 247C/01 $8->Marburg, Bibliographie zum Archivwesen der Archivschule Marburg $939588196X
| LEADER | 00000caa a22000002c 4500 | ||
|---|---|---|---|
| 001 | 312961138 | ||
| 003 | DE-603 | ||
| 005 | 20200309104416.0 | ||
| 007 | tu | ||
| 008 | 121123s2000 xx |||| | u00||u|ger c | ||
| 035 | |a (DE-599)HEB312961138 | ||
| 040 | |a DE-603 |b ger |c DE-603 |d DE-603 | ||
| 041 | |a ger | ||
| 084 | |a 8,1 |a 24,1 |2 ssgn | ||
| 084 | |a BBI |q DE-23 |2 fid | ||
| 100 | 1 | |a Haener, Ruth | |
| 245 | 0 | 0 | |a Alles eilt, wenn's brennt |b Sicherung von brandgeschädigten Akten: ein Erfahrungsbericht aus dem Staatsarchiv des Kantons Basel-Landschaft <Schweiz> |
| 264 | 0 | |c 2000 | |
| 773 | 0 | 8 | |i In: |t Archivar |d Duisburg : Landesarchiv Nordrhein-Westfalen, [1947-2022] |h 30 cm |x 0003-9500 |g Band 53, Heft 4 (2000), Seite 301-304 |w (DE-603)047106999 |w (DE-600)120993-0 |
| 924 | 0 | |9 460 |a (DE-603)657781967 |b DE-460 |c HES |d d |g in: A 112/55 - 2000 | |
| 924 | 0 | |9 - |a (DE-603)1042400245 |b DE- |c HES |d d |g / | |